000 00989cam a2200325 a 4500
001 1979418
003 OSt
005 20140410090811.0
008 890127s1989 nyua j 000 1 eng
010 _a 89005419
020 _a059043943X
_c$9.95
040 _aDLC
_cDLC
_dDLC
042 _alcac
050 0 0 _aPZ 7
_b.K65Hhg 1991
100 1 _aKline, Suzy.
_922979
245 1 0 _aHorrible Harry and the green slime /
_cby Suzy Kline ; pictures by Frank Remkiewicz.
260 _aNew York, N.Y., U.S.A. :
_bViking
_c1989.
300 _a58 p. :
_bill. ;
_c22 cm.
521 _aG2
526 _c470
562 _e1
650 1 _aSchools
_xFiction.
_923044
650 1 _aFriendship
_xFiction.
_923045
700 1 _aRemkiewicz, Frank,
_eill.
_923046
856 4 2 _3Contributor biographical information
_uhttp://www.loc.gov/catdir/enhancements/fy1206/89005419-b.html
906 _a7
_bcbc
_corignew
_d1
_eocip
_f19
_gy-gencatlg
942 _2lcc
_cBK
999 _c33461
_d33461